[Event "FRA-chT2"]
[Site "France"]
[Date "2002.01.??"]
[Round "6"]
[White "Crut, Aurelien"]
[Black "Boucher, Eric"]
[Result "1-0"]
[WhiteElo "2302"]
[BlackElo "2210"]
[PlyCount "80"]
[EventDate "2002.??.??"]
[EventType "team"]
[EventRounds "11"]
[EventCountry "FRA"]
[SourceTitle "EXT 2003"]
[Source "ChessBase"]
[SourceDate "2002.11.25"]
[SourceVersion "1"]
[SourceVersionDate "2002.11.25"]
[SourceQuality "1"]

1. e4 e6 2. d4 d5 3. e5 c5 4. c3 Qb6 5. Nf3 Nc6 6. a3 Nh6 7. b4 cxd4 8. cxd4 Nf5 9. Bb2 Be7 10. Bd3 a5 11. b5 Ncxd4 12. Nxd4 Nxd4 13. Nc3 a4 14. 0-0 Nb3 15. Nxa4 Rxa4 16. Qxb3 Ra8 17. Rfc1 Bd7 18. a4 0-0 19. Rc2 f6 20. Rac1 fxe5 21. Bxe5 Bd6 22. Bxd6 Qxd6 23. Rc5 Rf6 24. Qc2 Raf8 25. Bxh7+ Kh8 26. Bg6 e5 27. Bh5 e4 28. g3 Bh3 29. Qd2 Rxf2 30. Qxf2 Rxf2 31. Kxf2 Qf6+ 32. Ke1 Qf1+ 33. Kd2 Qf2+ 34. Kd1 Qg1+ 35. Kd2 Qxh2+ 36. Kc3 Qxg3+ 37. Kd4 Qd3+ 38. Ke5 e3 39. Rxd5 Qf5+ 40. Kd4 Qf4+ 1-0